[Event "Baden-ch U1700"]
[Site "Walldorf"]
[Date "2017.07.29"]
[Round "6"]
[White "Niedermaier, Helmut"]
[Black "Hermann, Lucas"]
[Result "1-0"]
[WhiteElo "1744"]
[BlackElo "1510"]
[PlyCount "73"]
[EventDate "2017.07.26"]
[EventType "swiss"]
[EventRounds "7"]
[EventCountry "GER"]
[SourceTitle "EXT 2018"]
[Source "ChessBase"]
[SourceDate "2017.10.13"]
[SourceVersion "1"]
[SourceVersionDate "2017.10.13"]
[SourceQuality "1"]

1. e4 e5 2. Bc4 Nc6 3. Nc3 Bc5 4. Nf3 Nf6 5. 0-0 0-0 6. a3 d6 7. h3 h6 8. Re1 a6 9. d3 Be6 10. Nd5 Bxd5 11. exd5 Ne7 12. c3 Nexd5 13. d4 exd4 14. cxd4 Ba7 15. b4 Bb6 16. Qd3 c6 17. Bb3 a5 18. b5 Ne7 19. Rb1 d5 20. Bc2 Re8 21. Ne5 Bc7 22. Bf4 Qc8 23. Qf3 Nd7 24. Qg3 Nxe5 25. dxe5 Kh8 26. Rb3 Qe6 27. Qd3 Kg8 28. Qh7+ Kf8 29. Rg3 g5 30. h4 Ng6 31. Qxh6+ Kg8 32. Rxg5 Bd8 33. Rg3 Bxh4 34. Qxh4 cxb5 35. Qh6 d4 36. Bxg6 fxg6 37. Rxg6+ 1-0

[Event "Baden-ch U1700"]
[Site "Walldorf"]
[Date "2017.07.26"]
[Round "1"]
[White "Niedermaier, Helmut"]
[Black "Hardt, Anton"]
[Result "0-1"]
[WhiteElo "1744"]
[BlackElo "1601"]
[PlyCount "90"]
[EventDate "2017.07.26"]
[EventType "swiss"]
[EventRounds "7"]
[EventCountry "GER"]
[SourceTitle "EXT 2018"]
[Source "ChessBase"]
[SourceDate "2017.10.13"]
[SourceVersion "1"]
[SourceVersionDate "2017.10.13"]
[SourceQuality "1"]

1. e4 d6 2. f4 Nf6 3. e5 Nfd7 4. Nf3 Nc6 5. d4 e6 6. Bd3 dxe5 7. dxe5 Nc5 8. a3 Nxd3+ 9. cxd3 Bc5 10. Nc3 a6 11. Ne4 Bb6 12. Rb1 0-0 13. Qe2 Nd4 14. Nxd4 Qxd4 15. Rf1 Rd8 16. Nf2 Qd5 17. Be3 Bxe3 18. Qxe3 Qxg2 19. h4 Qd5 20. h5 Qa5+ 21. Ke2 Qa4 22. Rbc1 Qb3 23. Qd2 Bd7 24. Rg1 Bb5 25. Rg3 Qd5 26. Ne4 Qxe4+ 27. Kf2 Qd4+ 28. Ke2 Qe4+ 29. Kd1 Ba4+ 30. Rc2 Bxc2+ 31. Kxc2 Qc6+ 32. Kb1 Qh1+ 33. Ka2 Qd5+ 34. b3 Kf8 35. h6 gxh6 36. Qh2 Qc6 37. Kb2 Qb6 38. f5 Qd4+ 39. Ka2 Qc5 40. b4 Qc6 41. Kb1 Qc3 42. Rg1 Rxd3 43. Rg8+ Ke7 44. Rg2 Qb3+ 45. Kc1 Rc3+ 0-1